Sổ tay đất nước Nhật Bản

محفوظ في:
التفاصيل البيبلوغرافية
التنسيق: كتاب
الوسوم: إضافة وسم
لا توجد وسوم, كن أول من يضع وسما على هذه التسجيلة!
Thư viện lưu trữ: Mạng thư viện Đại học Đà Nẵng
LEADER 00410nam a22001691a 4500
001 000039512
003 15807
005 20160412022610.0
008 160412s0 000
082 |a 4N(TK)20-22 
245 |a Sổ tay đất nước Nhật Bản 
OWN |a LNN 
999 |a From the UDN01 
TYP |a Monograph 
980 |a Mạng thư viện Đại học Đà Nẵng